Pilotes français vainqueur en formule 1 - Statistiques

Statistiques générales
  • Ce quiz a été pris 4 820 fois
    4 528 depuis la dernière actualisation
  • Le résultat moyen est 6 sur 14
Statistiques - réponses
Nombre de victoire Pilote % Correct
51 Alain Prost
97%
1 Pierre Gasly
97%
1 Esteban Ocon
95%
1 Jean Alesi
54%
1 Olivier Panis
49%
6 Jacques Laffite
33%
7 René Arnoux
30%
2 Jean-Pierre Jabouille
29%
3 Didier Pironi
24%
2 Maurice Trintignant
23%
1 François Cevert
22%
2 Patrick Tambay
20%
1 Jean-Pierre Beltoise
16%
2 Patrick Depailler
16%
Aucun quiz correspondant
Distribution des résultats
% des personnes avec chaque résultat
Percentile par nombre de réponses
Votre historique - résultats
Vous n’avez pas pris ce quiz depuis la dernière actualisation